Responses for Show #8116 - Monday, December 16, 2019

Jennifer Quail game 9.

Contestants

[<< previous game]

Kirby Copelin, a data analyst from Cincinnati, Ohio

Patrick Yurky, a software engineer from Pittsburgh, Pennsylvania

Jennifer Quail, a wine tasting consultant from Dowagiac, Michigan (whose 8-day cash winnings total $228,800)

[next game >>]

Jeopardy! Round responses

A EUROPEAN RIVER TOUR
THE AUTHOR'S CHARACTERS
CHRISTMAS RAPPING
GIVE ME A "V"
(Alex: Each correct response beginning with that letter.)
SPARK JOY
MARIE'S CONDO
    $200 29
the Danube

Jennifer
    $200 1
Jane Austen

Jennifer
    $200 30
(Alex: Before we wrap up this round, I want to express our thanks to Viking for helping us with all those clues. Exploring the world in comfort. That's what they're all about.)

Harlem

Jennifer
    $200 6
violet

Patrick
    $200 26
Beethoven

Kirby
    $200 27
homeowners association

Kirby
    $400 24
gingerbread cookie

Patrick
    $400 2
Tom Clancy

Jennifer
    $400 28
the Grinch

Patrick
    $400 12
virtual

Patrick
    $400 25
Joy Behar

Jennifer
    $400 23
common

Patrick
    $600 11
(Patrick: What is Gothic?)

Renaissance

JenniferPatrick
    $600 3
Judy Blume

Triple Stumper
    $600 15
(Jennifer: Who is Kris Kross?)
...
(Alex: Gold front teeth. Good idea.)

Ludacris

Jennifer
Triple Stumper
    $600 16
Veterinary

Jennifer
    $600 22
Joy of Cooking

Patrick
    $600 19
concierge

Patrick
    $800 8
(Franz) Liszt

Jennifer
    $800 4
(Alexander) Dumas

Patrick
    $800 20
OutKast

Patrick
    $800 14
Veterans

Patrick
    $800 21
Three Dog Night

Kirby
    $800 18
Fannie Mae

Jennifer
    $1000 10
Franz Joseph

Triple Stumper
    $1000 9
Faulkner

Kirby
    $1000 5
Run-DMC

Jennifer
    $1000 13
(Alex: Yep, the [*] Cross.)

Victoria

Jennifer
    $1,000 7
the Dalai Lama & Desmond Tutu

Patrick
    $1000 17
amenities

Kirby

Scores at the first commercial break (after clue 15):

Jennifer Patrick Kirby
$3,400 $2,600 $1,000

Scores at the end of the Jeopardy! Round:

Jennifer Patrick Kirby
$5,600 $5,800 $3,200

Double Jeopardy! Round responses

C'MON, THAT'S ANCIENT HISTORY!
EARLY ROLES
GREAT DANES
AMERICAN HOMES
USING WORLDLY ADJECTIVES
AN "A" IN MEDICINE
    $400 24
Sparta

Jennifer
    $400 28
Dallas

Jennifer
    $400 19
a gene

Jennifer
    $400 20
Pasadena

Kirby
    $400 29
(Patrick: What is tuba?)

a French horn

JenniferPatrick
    $400 30
the appendix

Kirby
    $800 7
Memphis

Jennifer
    $800 27
Dawson's Creek

Kirby
    $800 17
(Vitus) Bering

Jennifer
    $800 18
(Jennifer: Who is Tad Lincoln?)

Robert Todd Lincoln

Jennifer
Triple Stumper
    $800 21
Chinese checkers

Patrick
    $800 25
(Alex: Right, with less than a minute now.)

apnea

Kirby
    $1200 6
Solomon

Kirby
    $1200 26
George Clooney

Jennifer
    $1200 12
the Sydney Opera House

Kirby
    $1200 11
(Edith) Wharton

Jennifer
    $1200 14
Cuban cigars

Triple Stumper
    $1200 22
anorexia nervosa

Patrick
    $1600 1
Macedonia

Patrick
    $1600 23
Miami Vice

Jennifer
    $1600 8
an electron

Patrick
    $1600 10
Mississippi

Jennifer
    $3,000 13
the Scottish play

Kirby
    $1600 16
angina

Jennifer
    $4,000 5
Nero

Kirby
    $2000 4
Bad Boys II

Kirby
    $2000 2
kicker

Patrick
    $2000 9
Taliesin

Jennifer
    $2000 3
Greek fire

Patrick
    $2000 15
(Kirby: What is anaphylaxis shock?)
[Accepted without remark]

anaphylactic shock

Kirby

Scores at the end of the Double Jeopardy! Round:

Jennifer Patrick Kirby
$17,200 $14,600 $19,000

[wagering suggestions for these scores]

Final Jeopardy! Round responses

TV THEME MUSIC
[Alex hums [*] theme song after revealing Jennifer's response.]
...
(Alex: And Jennifer, we'll see you in our Tournament of Champions.)
PatrickWhat ?
$4,567
JenniferWhat is the Twilight Zone?
$17,000
KirbyWhat is the Twilight Zone?
$15,401
The Twilight Zone

Final scores:

Jennifer Patrick Kirby
$34,200 $10,033 $34,401
2nd place: $2,000 3rd place: $1,000 New champion: $34,401

Game dynamics:

Coryat scores:

Jennifer Patrick Kirby
$17,200 $14,600 $15,600
23 R,
2 W
17 R
(including 1 DD),
2 W
15 R
(including 2 DDs),
0 W

Combined Coryat: $47,400

[game clues] [game scores] [suggest correction]

Game tape date: 2019-10-15
The J! Archive is created by fans, for fans. Scraping, republication, monetization, and malicious use prohibited; this site may use cookies and collect identifying information. See terms. The Jeopardy! game show and all elements thereof, including but not limited to copyright and trademark thereto, are the property of Jeopardy Productions, Inc. and are protected under law. This website is not affiliated with, sponsored by, or operated by Jeopardy Productions, Inc. Join the discussion at JBoard.tv.